The Emperor's Underwear (Record no. 576004)

MARC details
000 -LEADER
fixed length control field 00487nam a22001697a 4500
008 - FIXED-LENGTH DATA ELEMENTS--GENERAL INFORMATION
fixed length control field 250716b |||||||| |||| 00| 0 eng d
020 ## - INTERNATIONAL STANDARD BOOK NUMBER
ISBN 9781841214061
Paper back/Hardbound pbk
041 ## - LANGUAGE CODE
Language code of text/sound track or separate title eng
082 ## - DEWEY DECIMAL CLASSIFICATION NUMBER
Classification number 823.0083
Item number ANH
100 ## - MAIN ENTRY--AUTHOR NAME
Personal name Anholt, Laurence
Personal name Robins, Arthur
245 ## - TITLE STATEMENT
Title The Emperor's Underwear
Sub Title : seriously silly stories
Statement of responsibility, etc by Laurence Anholt Illustrated by Arthur Robins
260 ## - PUBLICATION, DISTRIBUTION, ETC. (IMPRINT)
Place of publication London
Name of publisher Orchard
Year of publication 2002
300 ## - PHYSICAL DESCRIPTION
Number of Pages 64p.
942 ## - ADDED ENTRY ELEMENTS (KOHA)
Koha item type English Books
Holdings
Withdrawn status Lost status Damaged status Not for loan Home library Current library Shelving location Date acquired Full call number Accession Number Price effective from Koha item type
        Anna Centenary Library Anna Centenary Library CHILDREN SECTION-1ST FLOOR, B WING 03.02.2011 823.0083 ANH 508559 16.07.2025 English Books

Find us on the map